[Event "63rd Bulgarian Team Championship"]
[Site "Sunny Beach"]
[Date "2013.09.23"]
[Round "5"]
[Board "4"]
[White "Bojkov, Dejan"]
[Black "Georgiev, Biser"]
[Result "1-0"]
[WhiteElo "2505"]
[BlackElo "2256"]
[PlyCount "139"]
[EventDate "2013.09.19"]
[EventType "team"]
[EventRounds "7"]
[EventCountry "BUL"]
[WhiteTeam "''Abritus'', Razgrad"]
[BlackTeam "''Energiya 21'', Dobrich"]

1. e4 e5 2. Bc4 Nf6 3. d3 c6 4. Nf3 d5 5. Bb3 Bd6 6. Nc3 dxe4 7. Ng5 O-O 8.
Ngxe4 Nxe4 9. Nxe4 Bf5 10. Qf3 Bxe4 11. dxe4 Nd7 12. c3 Qf6 13. Qg4 Nc5 14. Bc2
a5 15. O-O Ne6 16. g3 a4 17. h4 b5 18. Kg2 Qg6 19. Qxg6 hxg6 20. Bd2 Rfd8 21.
Rad1 Be7 22. Bc1 Kf8 23. Kh3 Rxd1 24. Rxd1 Rd8 25. Rxd8+ Bxd8 26. f4 Bc7 27. f5
Nc5 28. Kg4 Bd8 29. Be3 Be7 30. Kf3 Ke8 31. g4 Nd7 32. g5 Nc5 33. Bf2 Bd6 34.
Ke3 Nd7 35. Bg3 Nc5 36. Bd1 Ke7 37. Bc2 Ke8 38. Be1 Ke7 39. c4 Kd7 40. cxb5
cxb5 41. Bd1 Na6 42. Bg4 Ke7 43. Be2 Nb4 44. Bxb5 Nc2+ 45. Kf2 Bc5+ 46. Kf1 a3
47. bxa3 Nxe1 48. Kxe1 gxf5 49. exf5 Bxa3 50. Ke2 f6 51. Kf3 fxg5 52. hxg5 Bc1
53. Kg4 Ba3 54. Bd3 Kf8 55. Kh5 Kf7 56. Bc4+ Kf8 57. Bd5 Bb4 58. Kg6 Be7 59. a4
Bd8 60. Be4 Kg8 61. Bc6 Kf8 62. Bd5 Ba5 63. Kh7 e4 64. f6 Bc3 65. fxg7+ Bxg7
66. Bxe4 Bd4 67. a5 Ke7 68. a6 Kd6 69. g6 Kc7 70. a7 1-0

[Event "63rd Bulgarian Team Championship"]
[Site "Sunny Beach"]
[Date "2013.09.23"]
[Round "5"]
[Board "5"]
[White "Kirjakov, Toma"]
[Black "Enchev, Ivajlo"]
[Result "0-1"]
[WhiteElo "2223"]
[BlackElo "2445"]
[PlyCount "52"]
[EventDate "2013.09.19"]
[EventType "team"]
[EventRounds "7"]
[EventCountry "BUL"]
[WhiteTeam "''Energiya 21'', Dobrich"]
[BlackTeam "''Abritus'', Razgrad"]

1. e4 e5 2. Nf3 Nc6 3. Bc4 Bc5 4. d3 Nf6 5. c3 a6 6. Bb3 O-O 7. O-O Ba7 8. Re1
d6 9. h3 h6 10. Nbd2 Nh5 11. Nf1 Qf6 12. Ne3 Nf4 13. Nd5 Nxd5 14. Bxd5 Qg6 15.
Kf1 Ne7 16. Bb3 Kh8 17. g4 f5 18. exf5 Nxf5 19. Kg2 Ne7 20. Re4 Bd7 21. Be3 Bc6
22. Bxa7 Bxe4 23. dxe4 Rxa7 24. Qe2 Qf6 25. Qe3 Ng6 26. h4 Qxf3+ 0-1

[Event "63rd Bulgarian Team Championship"]
[Site "Sunny Beach"]
[Date "2013.09.23"]
[Round "5"]
[Board "6"]
[White "Karakehajov, Kalin"]
[Black "Tonchev, Miroslav"]
[Result "1-0"]
[WhiteElo "2494"]
[BlackElo "2288"]
[PlyCount "59"]
[EventDate "2013.09.19"]
[EventType "team"]
[EventRounds "7"]
[EventCountry "BUL"]
[WhiteTeam "''Abritus'', Razgrad"]
[BlackTeam "''Energiya 21'', Dobrich"]

1. e4 c5 2. Nf3 e6 3. d3 Nc6 4. g3 d5 5. Nbd2 Bd6 6. Bg2 Nge7 7. O-O O-O 8. Nh4
dxe4 9. Nxe4 f5 10. Nxd6 Qxd6 11. Re1 Bd7 12. Nf3 Rae8 13. Bf4 e5 14. Nxe5 Nxe5
15. Bxe5 Qb6 16. d4 c4 17. d5 Ng6 18. Bc3 Rxe1+ 19. Qxe1 f4 20. Qd2 fxg3 21.
hxg3 Re8 22. Re1 Rxe1+ 23. Qxe1 Qd8 24. Qe3 Bf5 25. Qxa7 Qd7 26. Qb8+ Kf7 27.
a4 Qxa4 28. d6 Qd7 29. Bxb7 Nf8 30. Qc7 1-0

[Event "63rd Bulgarian Team Championship"]
[Site "Sunny Beach"]
[Date "2013.09.24"]
[Round "6"]
[Board "1"]
[White "Drenchev, Petar"]
[Black "Rusev, Krasimir"]
[Result "1/2-1/2"]
[WhiteElo "2488"]
[BlackElo "2561"]
[PlyCount "63"]
[EventDate "2013.09.19"]
[EventType "team"]
[EventRounds "7"]
[EventCountry "BUL"]
[WhiteTeam "''Marek-Union Ivkoni'', Dupnitsa"]
[BlackTeam "''Abritus'', Razgrad"]

1. d4 d5 2. c4 c6 3. cxd5 cxd5 4. Nc3 Nf6 5. Bf4 Nc6 6. e3 a6 7. Nf3 Bg4 8. Be2
e6 9. Ne5 Bxe2 10. Qxe2 Nxe5 11. Bxe5 Bd6 12. Bxd6 Qxd6 13. O-O O-O 14. Na4 Nd7
15. Rfc1 Rfc8 16. Rc3 Rxc3 17. Nxc3 Rc8 18. Rc1 Rc6 19. g3 h6 20. a3 Qc7 21.
Qd1 Kf8 22. Na2 Rxc1 23. Qxc1 Qxc1+ 24. Nxc1 Ke7 25. Nd3 Kd6 26. Kf1 b6 27. Ke2
a5 28. a4 Ke7 29. f4 f5 30. Ne5 Kd6 31. Nxd7 Kxd7 32. Kf3 1/2-1/2

[Event "63rd Bulgarian Team Championship"]
[Site "Sunny Beach"]
[Date "2013.09.24"]
[Round "6"]
[Board "2"]
[White "Georgiev, Vladimir"]
[Black "Inkiov, Ventzislav"]
[Result "1/2-1/2"]
[WhiteElo "2549"]
[BlackElo "2408"]
[PlyCount "69"]
[EventDate "2013.09.19"]
[EventType "team"]
[EventRounds "7"]
[EventCountry "BUL"]
[WhiteTeam "''Abritus'', Razgrad"]
[BlackTeam "''Marek-Union Ivkoni'', Dupnitsa"]

1. d4 Nf6 2. c4 e6 3. Nc3 Bb4 4. Nf3 d5 5. e3 c5 6. Bd3 cxd4 7. exd4 dxc4 8.
Bxc4 O-O 9. O-O b6 10. Bg5 Bb7 11. Rc1 Nbd7 12. a3 Bxc3 13. Rxc3 Qb8 14. Bh4
Bd5 15. Bb5 a6 16. Bg3 Qd8 17. Bd3 Ne4 18. Bxe4 Bxe4 19. Qe2 Bd5 20. Rfc1 b5
21. Qe3 h6 22. Bd6 Re8 23. Rc7 Nb6 24. Ne5 Nc4 25. Nxc4 bxc4 26. Bf4 Qh4 27.
Bg3 Qh5 28. Rc5 Qg6 29. h3 Reb8 30. R5xc4 Rxb2 31. R4c3 Rab8 32. Kh2 R8b3 33.
Qf4 Rxc3 34. Rxc3 Kf8 35. Rc7 1/2-1/2

[Event "63rd Bulgarian Team Championship"]
[Site "Sunny Beach"]
[Date "2013.09.24"]
[Round "6"]
[Board "4"]
[White "Nikolov, Momchil"]
[Black "Nikolov, Sasho"]
[Result "1-0"]
[WhiteElo "2539"]
[BlackElo "2382"]
[PlyCount "125"]
[EventDate "2013.09.19"]
[EventType "team"]
[EventRounds "7"]
[EventCountry "BUL"]
[WhiteTeam "''Abritus'', Razgrad"]
[BlackTeam "''Marek-Union Ivkoni'', Dupnitsa"]

1. d4 d5 2. Nf3 Nf6 3. c4 c6 4. Nc3 e6 5. Bg5 dxc4 6. e4 b5 7. e5 h6 8. Bh4 g5
9. Nxg5 hxg5 10. Bxg5 Nbd7 11. exf6 Bb7 12. g3 Qb6 13. Bg2 O-O-O 14. O-O c5 15.
d5 b4 16. Na4 Qa6 17. a3 Bxd5 18. Bxd5 Ne5 19. axb4 Rxd5 20. Qe2 cxb4 21. Nc3
Ra5 22. Rxa5 Qxa5 23. Ne4 Nd3 24. Rd1 Qe5 25. Qe3 a5 26. b3 Qc7 27. bxc4 Nc5
28. Qd4 Qd7 29. Qa1 Nb3 30. Rxd7 Nxa1 31. Ra7 b3 32. Rxa5 b2 33. Rb5 Ba3 34.
Nc3 Rd8 35. Kg2 Nc2 36. Na4 Nd4 37. Rxb2 Bxb2 38. Nxb2 e5 39. h4 Kd7 40. Nd3
Ke6 41. Nc5+ Kf5 42. Kh3 e4 43. g4+ Ke5 44. Kg3 Ne2+ 45. Kg2 Rd1 46. f3 Rg1+
47. Kf2 exf3 48. Ke3 Rg3 49. Nd3+ Ke6 50. Nf2 Ng1 51. Bf4 Rg2 52. g5 Kf5 53.
Bb8 Ke6 54. Bc7 Kd7 55. Be5 Ke6 56. Bb8 Kd7 57. Bf4 Ke6 58. c5 Ne2 59. Bb8 Nd4
60. Kxd4 Rxf2 61. Ke3 Rc2 62. Kxf3 Rxc5 63. Kg4 {......76} 1-0

[Event "63rd Bulgarian Team Championship"]
[Site "Sunny Beach"]
[Date "2013.09.24"]
[Round "6"]
[Board "5"]
[White "Mladenov, Plamen"]
[Black "Bojkov, Dejan"]
[Result "0-1"]
[WhiteElo "2390"]
[BlackElo "2505"]
[PlyCount "89"]
[EventDate "2013.09.19"]
[EventType "team"]
[EventRounds "7"]
[EventCountry "BUL"]
[WhiteTeam "''Marek-Union Ivkoni'', Dupnitsa"]
[BlackTeam "''Abritus'', Razgrad"]

1. Nf3 Nf6 2. d4 g6 3. Bf4 Bg7 4. e3 O-O 5. h3 d6 6. Be2 c5 7. O-O Qb6 8. Nbd2
Be6 9. Ng5 Bd7 10. d5 h6 11. Ngf3 Nxd5 12. Nc4 Qc6 13. Na5 Qc7 14. Qxd5 Qxa5
15. Qxb7 Qb6 16. Qxb6 axb6 17. c3 b5 18. e4 Ra4 19. Bd3 f5 20. b3 Rxe4 21. Bd2
b4 22. cxb4 Bxa1 23. Rxa1 Rxb4 24. Bxb4 cxb4 25. Rc1 Rc8 26. Rc4 Nc6 27. Nd4
Nxd4 28. Rxd4 Rb8 29. f4 Kf7 30. Kf2 Rb6 31. Ke3 Kf6 32. g3 Bc6 33. h4 Bb7 34.
Bb1 Ba6 35. Kd2 e6 36. Bc2 Ke7 37. Kd1 e5 38. Rd5 Rb5 39. Rd2 e4 40. Rd4 d5 41.
Kd2 Kd6 42. Ke3 Rc5 43. Bd1 Rc3+ 44. Kd2 Kc5 45. Rxb4 0-1

[Event "63rd Bulgarian Team Championship"]
[Site "Sunny Beach"]
[Date "2013.09.24"]
[Round "6"]
[Board "6"]
[White "Enchev, Ivajlo"]
[Black "Stoinev, Metodi"]
[Result "1-0"]
[WhiteElo "2445"]
[BlackElo "2221"]
[PlyCount "97"]
[EventDate "2013.09.19"]
[EventType "team"]
[EventRounds "7"]
[EventCountry "BUL"]
[WhiteTeam "''Abritus'', Razgrad"]
[BlackTeam "''Marek-Union Ivkoni'', Dupnitsa"]

1. d4 d5 2. Nf3 Nf6 3. c4 c6 4. Nc3 g6 5. cxd5 cxd5 6. Bf4 Nc6 7. h3 Bg7 8. e3
O-O 9. Bd3 Bf5 10. Bxf5 gxf5 11. g4 Qd7 12. Ne5 Qe6 13. Qc2 fxg4 14. hxg4 Rfc8
15. f3 h6 16. O-O-O Nxe5 17. Bxe5 b5 18. Qb3 b4 19. Qxb4 Nd7 20. Bf4 Rc4 21.
Qb5 Nb6 22. Rh2 Na4 23. Rc2 Rac8 24. Rdd2 Nxc3 25. Rxc3 Rxc3+ 26. bxc3 Rxc3+
27. Kb2 Rc6 28. Qd3 Rc4 29. Rc2 Qb6+ 30. Kc1 Qb4 31. a3 Qa4 32. Rxc4 dxc4 33.
Qc3 e6 34. Qb4 Qc6 35. Qb8+ Kh7 36. Qxa7 Qxf3 37. Qxf7 Qf1+ 38. Kb2 Qe2+ 39.
Kc3 Qd3+ 40. Kb4 Qb3+ 41. Kc5 Qxa3+ 42. Kxc4 Qa2+ 43. Kc5 Qd5+ 44. Kb6 Kh8 45.
Kc7 Qc4+ 46. Kd7 Qd5+ 47. Ke7 Qc6 48. Qe8+ Qxe8+ 49. Kxe8 1-0

[Event "63rd Bulgarian Team Championship"]
[Site "Sunny Beach"]
[Date "2013.09.24"]
[Round "6"]
[Board "1"]
[White "Spasov, Vasil"]
[Black "Tonkov, Bojan"]
[Result "1-0"]
[WhiteElo "2573"]
[BlackElo "2323"]
[PlyCount "79"]
[EventDate "2013.09.19"]
[EventType "team"]
[EventRounds "7"]
[EventCountry "BUL"]
[WhiteTeam "''Lokomotiv'', Plovdiv"]
[BlackTeam "''Energiya 21'', Dobrich"]

1. e4 e5 2. Nf3 Nc6 3. Bc4 Bc5 4. O-O Nf6 5. d3 a6 6. Nbd2 Ba7 7. Bb3 d6 8. c3
O-O 9. h3 h6 10. Re1 Be6 11. Nf1 Re8 12. Be3 Bxe3 13. Nxe3 d5 14. exd5 Nxd5 15.
Nxd5 Bxd5 16. d4 e4 17. Nd2 f5 18. f3 e3 19. f4 Kh8 20. Nf1 Bxb3 21. axb3 Qh4
22. Qf3 Re4 23. Rxe3 Rxf4 24. Qg3 Rf8 25. Qxh4 Rxh4 26. Rae1 Kg8 27. Nd2 f4 28.
Re4 Rh5 29. Kf2 Rhf5 30. b4 g5 31. Re6 Kg7 32. Kf3 Rd5 33. Nb3 Nd8 34. Re7+ Rf7
35. Nc5 Kf6 36. Re8 c6 37. Rh8 b6 38. Ne6 Nb7 39. Rxh6+ Kf5 40. c4 1-0

[Event "63rd Bulgarian Team Championship"]
[Site "Sunny Beach"]
[Date "2013.09.24"]
[Round "6"]
[Board "2"]
[White "Velikov, Petar"]
[Black "Djukic, Nikola"]
[Result "1/2-1/2"]
[WhiteElo "2416"]
[BlackElo "2551"]
[PlyCount "67"]
[EventDate "2013.09.19"]
[EventType "team"]
[EventRounds "7"]
[EventCountry "BUL"]
[WhiteTeam "''Energiya 21'', Dobrich"]
[BlackTeam "''Lokomotiv'', Plovdiv"]

1. c4 g6 2. Nc3 Bg7 3. g3 Nf6 4. Bg2 O-O 5. d3 c5 6. e3 Nc6 7. Nge2 d6 8. b3
Bd7 9. Bb2 a6 10. h3 Rb8 11. O-O b5 12. Qd2 Nb4 13. Rfd1 Qb6 14. Nf4 e5 15.
Nfd5 Nbxd5 16. Nxd5 Nxd5 17. cxd5 f5 18. Kh2 Rf7 19. Rf1 f4 20. exf4 exf4 21.
Bxg7 Kxg7 22. Be4 Rbf8 23. g4 Qd8 24. f3 Qf6 25. Rac1 Rc8 26. Rc2 Be8 27. Rfc1
Qh4 28. Qe1 Qxe1 29. Rxe1 Re7 30. Rec1 Kf6 31. d4 Rec7 32. Kg2 c4 33. Rc3 Kg7
34. R1c2 {...37} 1/2-1/2

[Event "63rd Bulgarian Team Championship"]
[Site "Sunny Beach"]
[Date "2013.09.24"]
[Round "6"]
[Board "3"]
[White "Petkov, Vladimir"]
[Black "Manolov, Ivan"]
[Result "1-0"]
[WhiteElo "2564"]
[BlackElo "2197"]
[PlyCount "77"]
[EventDate "2013.09.19"]
[EventType "team"]
[EventRounds "7"]
[EventCountry "BUL"]
[WhiteTeam "''Lokomotiv'', Plovdiv"]
[BlackTeam "''Energiya 21'', Dobrich"]

1. d4 c5 2. d5 e5 3. e4 d6 4. Bb5+ Nd7 5. f4 exf4 6. Bxf4 Ngf6 7. Nc3 Be7 8.
Nf3 O-O 9. O-O a6 10. Be2 Nh5 11. Be3 Nhf6 12. a4 Re8 13. h3 b6 14. Qd3 Bb7 15.
Rf2 Rc8 16. Raf1 Rc7 17. Bf4 Bf8 18. Nd2 Ne5 19. Qg3 Nfd7 20. Nd1 Be7 21. Qb3
Rc8 22. Ne3 Bf6 23. Nec4 Qc7 24. Qg3 Kh8 25. c3 Rb8 26. Bg4 b5 27. axb5 axb5
28. Bxd7 Qxd7 29. Bxe5 dxe5 30. Ne3 Qd6 31. Nf3 Bc8 32. Ng4 Bxg4 33. hxg4 h6
34. g5 hxg5 35. Nh2 Rb6 36. Ng4 Qe7 37. Qh3+ Kg8 38. Rxf6 Rxf6 39. Rxf6 1-0

[Event "63rd Bulgarian Team Championship"]
[Site "Sunny Beach"]
[Date "2013.09.24"]
[Round "6"]
[Board "5"]
[White "Lalev, Dimitar"]
[Black "Georgiev, Biser"]
[Result "1-0"]
[WhiteElo "2376"]
[BlackElo "2256"]
[PlyCount "62"]
[EventDate "2013.09.19"]
[EventType "team"]
[EventRounds "7"]
[EventCountry "BUL"]
[WhiteTeam "''Lokomotiv'', Plovdiv"]
[BlackTeam "''Energiya 21'', Dobrich"]

1. c4 c5 2. Nc3 Nf6 3. g3 g6 4. Bg2 Bg7 5. a3 Nc6 6. Rb1 e6 7. b4 cxb4 8. axb4
d5 9. b5 Ne7 10. Qb3 O-O 11. Nf3 a6 12. O-O d4 13. bxa6 Rxa6 14. Nb5 Nf5 15. d3
h5 16. Bg5 Re8 17. Ne5 Qb6 18. Bf4 Nh7 19. c5 Qd8 20. c6 bxc6 21. Nxc6 Qd7 22.
Nb8 Qe7 23. Nxa6 Bxa6 24. Nc7 e5 25. Nxe8 exf4 26. Nxg7 Kxg7 27. Qb6 Bc8 28.
Qb8 Bd7 29. Qxf4 Qxe2 30. Be4 Nf6 31. Rb7 Nh6 {....50} 1-0

[Event "63rd Bulgarian Team Championship"]
[Site "Sunny Beach"]
[Date "2013.09.24"]
[Round "6"]
[Board "6"]
[White "Kirjakov, Toma"]
[Black "Popov, Luben"]
[Result "0-1"]
[WhiteElo "2223"]
[BlackElo "2313"]
[PlyCount "100"]
[EventDate "2013.09.19"]
[EventType "team"]
[EventRounds "7"]
[EventCountry "BUL"]
[WhiteTeam "''Energiya 21'', Dobrich"]
[BlackTeam "''Lokomotiv'', Plovdiv"]

1. e4 Nf6 2. Nc3 d6 3. d4 g6 4. Be3 Bg7 5. Qd2 c6 6. O-O-O Qa5 7. Kb1 Nbd7 8.
f4 Ng4 9. e5 Nxe3 10. Qxe3 dxe5 11. fxe5 Nb6 12. Nf3 Be6 13. Nd2 Nd5 14. Nxd5
Bxd5 15. c4 Be6 16. Bd3 Rd8 17. Ne4 O-O 18. h4 h5 19. Nc5 Bc8 20. g4 Bxg4 21.
Nxb7 Qb6 22. Nxd8 Rxd8 23. Be2 Bxe2 24. Qxe2 Rxd4 25. Rhg1 e6 26. Rdf1 Qc5 27.
Qf3 Rd7 28. Rd1 Qxe5 29. Qf2 Rb7 30. Rd2 Qe4+ 31. Ka1 Qxc4 32. Rc2 Qb4 33. Rd1
c5 34. Rd8+ Kh7 35. Rc8 Bd4 36. Qe2 a5 37. Kb1 a4 38. a3 Qxa3 39. Rc7 Qb3 40.
Rxb7 Qxb7 41. Qc4 a3 42. b3 Qh1+ 43. Rc1 Qxh4 44. Ka2 Qf4 45. Kxa3 Qe4 46. Ka4
Qb7 47. Rd1 e5 48. Rd3 Kg7 49. Rg3 h4 50. Rg4 Qd7+ 0-1

[Event "63rd Bulgarian Team Championship"]
[Site "Sunny Beach"]
[Date "2013.09.24"]
[Round "6"]
[Board "1"]
[White "Shishkov, Minko"]
[Black "Grigorov, Grigor"]
[Result "0-1"]
[WhiteElo "2278"]
[BlackElo "2490"]
[PlyCount "82"]
[EventDate "2013.09.19"]
[EventType "team"]
[EventRounds "7"]
[EventCountry "BUL"]
[WhiteTeam "''Maritsa-Iztok'', Radnevo"]
[BlackTeam "''Lokomotiv 2000'', Plovdiv"]

1. c4 Nf6 2. Nc3 e6 3. e4 d5 4. e5 d4 5. exf6 dxc3 6. bxc3 Qxf6 7. Nf3 e5 8.
Bd3 Bd6 9. O-O Na6 10. Bc2 Bg4 11. d4 Bxf3 12. Qxf3 Qxf3 13. gxf3 exd4 14. Re1+
Kd8 15. cxd4 c5 16. d5 Kc7 17. Ba4 Nb4 18. Re3 b5 19. cxb5 Nxd5 20. Rd3 Nb6 21.
Bc2 Be5 22. Rb1 Rad8 23. Rxd8 Rxd8 24. Be3 Bd4 25. Bf4+ Kb7 26. Bg3 Nd5 27. Bb3
Kb6 28. Bc4 Rd7 29. Re1 Ka5 30. Re8 Nb6 31. Bf1 g6 32. Re1 c4 33. Rb1 Ka4 34.
Bf4 Ka3 35. Rc1 Bb2 36. Rc2 c3 37. Be5 Nd5 38. Bc4 Nb4 39. Rxc3+ Bxc3 40. Bxc3
Rc7 41. Bxb4+ Kxb4 0-1

[Event "63rd Bulgarian Team Championship"]
[Site "Sunny Beach"]
[Date "2013.09.24"]
[Round "6"]
[Board "2"]
[White "Arnaudov, G. Petar"]
[Black "Marholev, Dimitar"]
[Result "1/2-1/2"]
[WhiteElo "2487"]
[BlackElo "2325"]
[PlyCount "49"]
[EventDate "2013.09.19"]
[EventType "team"]
[EventRounds "7"]
[EventCountry "BUL"]
[WhiteTeam "''Lokomotiv 2000'', Plovdiv"]
[BlackTeam "''Maritsa-Iztok'', Radnevo"]

1. Nf3 Nf6 2. c4 c5 3. Nc3 Nc6 4. e3 g6 5. d4 Bg7 6. d5 Na5 7. e4 d6 8. h3 O-O
9. Be3 a6 10. a3 b5 11. cxb5 axb5 12. Bxb5 Ba6 13. Bxa6 Rxa6 14. Nd2 Nd7 15.
Qc2 Ne5 16. b3 e6 17. O-O g5 18. f3 Qf6 19. Rac1 Rb8 20. Ne2 Nxb3 21. Rb1 Rxa3
22. f4 gxf4 23. Bxf4 exd5 24. Nxb3 dxe4 25. Bxe5 1/2-1/2

[Event "63rd Bulgarian Team Championship"]
[Site "Sunny Beach"]
[Date "2013.09.24"]
[Round "6"]
[Board "3"]
[White "Kukov, Velislav"]
[Black "Kozhuharov, Spas"]
[Result "0-1"]
[WhiteElo "2410"]
[BlackElo "2453"]
[PlyCount "74"]
[EventDate "2013.09.19"]
[EventType "team"]
[EventRounds "7"]
[EventCountry "BUL"]
[WhiteTeam "''Maritsa-Iztok'', Radnevo"]
[BlackTeam "''Lokomotiv 2000'', Plovdiv"]

1. d4 Nf6 2. Bf4 c5 3. c3 d5 4. e3 Qb6 5. Qb3 Nc6 6. Nd2 c4 7. Qc2 Bg4 8. Be2
Bxe2 9. Nxe2 e6 10. Bg5 Be7 11. f4 Ng4 12. Nf1 Bxg5 13. fxg5 h6 14. g6 O-O 15.
h3 Nf6 16. gxf7+ Rxf7 17. Nd2 Qc7 18. O-O b5 19. e4 e5 20. exd5 exd4 21. dxc6
d3 22. Qd1 dxe2 23. Qxe2 Qxc6 24. Qf3 Qb6+ 25. Qf2 Qb7 26. a4 Raf8 27. Qc5 Rd8
28. Nf3 Rd5 29. Qf2 Ne4 30. Qc2 Rd3 31. Rae1 Qb6+ 32. Nd4 Rxf1+ 33. Rxf1 b4 34.
Qe2 bxc3 35. Qxe4 Rxd4 36. a5 Rxe4+ 37. axb6 cxb2 0-1

[Event "63rd Bulgarian Team Championship"]
[Site "Sunny Beach"]
[Date "2013.09.24"]
[Round "6"]
[Board "4"]
[White "Bratanov, Zsivko"]
[Black "Panbukchian, Valentin"]
[Result "1-0"]
[WhiteElo "2435"]
[BlackElo "2330"]
[PlyCount "87"]
[EventDate "2013.09.19"]
[EventType "team"]
[EventRounds "7"]
[EventCountry "BUL"]
[WhiteTeam "''Lokomotiv 2000'', Plovdiv"]
[BlackTeam "''Maritsa-Iztok'', Radnevo"]

1. e4 d5 2. exd5 Qxd5 3. Nc3 Qd8 4. d4 Nf6 5. Nf3 Bg4 6. h3 Bxf3 7. Qxf3 c6 8.
Be3 e6 9. O-O-O Nbd7 10. g4 Be7 11. g5 Nd5 12. Nxd5 cxd5 13. h4 Nb8 14. Kb1 Nc6
15. Rg1 Qd7 16. h5 Rf8 17. c4 O-O-O 18. cxd5 Qxd5 19. Qxd5 exd5 20. Bd3 g6 21.
f4 Bd6 22. f5 Rde8 23. Bc1 Rg8 24. Rgf1 Kc7 25. fxg6 fxg6 26. Rf6 gxh5 27. Bxh7
Rh8 28. Rh6 Bf8 29. Rxh5 Bg7 30. Bg6 Re2 31. Rxh8 Bxh8 32. Bf7 Ne7 33. Bh5 Re4
34. Rh1 Bxd4 35. Bf3 Re6 36. Rd1 Bg7 37. Bxd5 Re2 38. Bf3 Re6 39. Bf4+ Kb6 40.
Rd7 Re1+ 41. Kc2 Nf5 42. Kd2 Rf1 43. Bc7+ Kc5 44. Rd5+ 1-0

[Event "63rd Bulgarian Team Championship"]
[Site "Sunny Beach"]
[Date "2013.09.24"]
[Round "6"]
[Board "5"]
[White "Pantev, Veselin"]
[Black "Spassov, Liuben"]
[Result "1/2-1/2"]
[WhiteElo "2408"]
[BlackElo "2327"]
[PlyCount "131"]
[EventDate "2013.09.19"]
[EventType "team"]
[EventRounds "7"]
[EventCountry "BUL"]
[WhiteTeam "''Maritsa-Iztok'', Radnevo"]
[BlackTeam "''Lokomotiv 2000'', Plovdiv"]

1. Nf3 Nf6 2. g3 d5 3. Bg2 g6 4. d4 Bg7 5. c4 c6 6. Nbd2 O-O 7. O-O Bf5 8. b3
Qa5 9. Bb2 Ne4 10. a3 Nd7 11. b4 Qb6 12. Qb3 Ndf6 13. a4 Rfd8 14. c5 Qc7 15.
Nxe4 Nxe4 16. Bc1 Qc8 17. Bf4 h6 18. Rad1 g5 19. Be3 a6 20. Ne1 Qe6 21. f3 Nf6
22. Rd2 Nd7 23. Bf2 Qg6 24. g4 Be6 25. Qd3 f5 26. Nc2 Qf7 27. Bh3 fxg4 28. fxg4
Nf6 29. Bg3 Qe8 30. Ne3 Ne4 31. Rdd1 Qg6 32. Bg2 Rf8 33. Rf3 Qh7 34. Be5 Nf6
35. Qxh7+ Kxh7 36. h3 Nd7 37. Bxg7 Kxg7 38. Rxf8 Rxf8 39. Rf1 Rf6 40. Nd1 Rxf1+
41. Kxf1 h5 42. gxh5 Kh6 43. Kf2 Kxh5 44. Kg3 Nf6 45. Nc3 Kg6 46. e3 Bd7 47.
Bf1 Nh5+ 48. Kg2 Nf6 49. Be2 Bf5 50. Kg3 Ne4+ 51. Nxe4 Bxe4 52. b5 axb5 53.
axb5 cxb5 54. Bxb5 Bf5 55. h4 gxh4+ 56. Kxh4 Kf6 57. Be2 Bd7 58. Bf3 Bc6 59.
Bd1 e5 60. Bc2 exd4 61. exd4 Ke7 62. Kg5 Kd7 63. Kf6 Kc7 64. Ke5 b6 65. cxb6+
Kxb6 66. Bb3 1/2-1/2

[Event "63rd Bulgarian Team Championship"]
[Site "Sunny Beach"]
[Date "2013.09.24"]
[Round "6"]
[Board "6"]
[White "Ganchev, Georgi"]
[Black "Badev, Kiril"]
[Result "1/2-1/2"]
[WhiteElo "2292"]
[BlackElo "2343"]
[PlyCount "113"]
[EventDate "2013.09.19"]
[EventType "team"]
[EventRounds "7"]
[EventCountry "BUL"]
[WhiteTeam "''Lokomotiv 2000'', Plovdiv"]
[BlackTeam "''Maritsa-Iztok'', Radnevo"]

1. d4 Nf6 2. Nf3 d5 3. g3 g6 4. Bg2 Bg7 5. O-O O-O 6. c4 c6 7. Nbd2 Bf5 8. b4
a5 9. bxa5 Qxa5 10. Nb3 Qa7 11. cxd5 cxd5 12. a4 Rc8 13. Nc5 Nc6 14. Ba3 b6 15.
Nb3 Ne4 16. Nh4 e6 17. Nxf5 exf5 18. Qd3 Na5 19. Nxa5 Qxa5 20. Rfb1 Qxa4 21.
Bb2 Qc4 22. Rxa8 Rxa8 23. Rc1 Qb4 24. Bxe4 fxe4 25. Qb1 Bxd4 26. Bxd4 Qxd4 27.
e3 Qf6 28. h4 h5 29. Kg2 Kg7 30. Qb3 Ra5 31. Rb1 Rc5 32. Qxb6 Rc2 33. Qxf6+
Kxf6 34. Rb6+ Ke5 35. Rb7 Ke6 36. Rb6+ Kd7 37. Rb7+ Rc7 38. Rb6 Rc6 39. Rb7+
Ke6 40. Rb4 Ke5 41. Rb5 f6 42. Ra5 g5 43. hxg5 fxg5 44. Ra8 Kf5 45. Rh8 Kg4 46.
Rd8 Rc5 47. Rd7 h4 48. gxh4 gxh4 49. Rg7+ Kf5 50. Rh7 Rc2 51. Rxh4 d4 52. exd4
e3 53. Kf1 Rxf2+ 54. Ke1 Rd2 55. d5 Rxd5 56. Ke2 Rd2+ 57. Kxe3 1/2-1/2

[Event "63rd Bulgarian Team Championship"]
[Site "Sunny Beach"]
[Date "2013.09.24"]
[Round "6"]
[Board "1"]
[White "Delchev, Aleksander"]
[Black "Ninov, Nikolai"]
[Result "1-0"]
[WhiteElo "2637"]
[BlackElo "2463"]
[PlyCount "69"]
[EventDate "2013.09.19"]
[EventType "team"]
[EventRounds "7"]
[EventCountry "BUL"]
[WhiteTeam "''Nayden Voynov'', Vidin"]
[BlackTeam "''Lokomotiv'', Sofia"]

1. d4 Nf6 2. Nf3 e6 3. e3 c5 4. Bd3 b6 5. O-O cxd4 6. exd4 Ba6 7. Bxa6 Nxa6 8.
c4 Qc8 9. Qe2 d5 10. cxd5 Nxd5 11. Qb5+ Ke7 12. Nc3 Nac7 13. Qe2 f6 14. Nd2 Kf7
15. Nde4 Be7 16. Qh5+ g6 17. Qf3 Kg7 18. Re1 Qd7 19. Bd2 h6 20. Rac1 Rac8 21.
Nxd5 Nxd5 22. Nc3 Kf7 23. Re2 Bb4 24. Rce1 Bxc3 25. bxc3 Rhe8 26. Rc1 Qa4 27.
g4 Rc4 28. Qh3 Rh8 29. g5 f5 30. gxh6 Qxa2 31. Qg3 Rc6 32. Qe5 Rh7 33. c4 Qa3
34. cxd5 Rxc1+ 35. Kg2 1-0

[Event "63rd Bulgarian Team Championship"]
[Site "Sunny Beach"]
[Date "2013.09.24"]
[Round "6"]
[Board "2"]
[White "Genov, Petar"]
[Black "Nabaty, Tamir"]
[Result "1/2-1/2"]
[WhiteElo "2455"]
[BlackElo "2575"]
[PlyCount "60"]
[EventDate "2013.09.19"]
[EventType "team"]
[EventRounds "7"]
[EventCountry "BUL"]
[WhiteTeam "''Lokomotiv'', Sofia"]
[BlackTeam "''Nayden Voynov'', Vidin"]

1. d4 Nf6 2. c4 g6 3. Nc3 d5 4. cxd5 Nxd5 5. e4 Nxc3 6. bxc3 Bg7 7. Bc4 O-O 8.
Ne2 Qd7 9. O-O b5 10. Bb3 Bb7 11. f3 c5 12. dxc5 Qc7 13. Be3 Nd7 14. a4 Nxc5
15. axb5 Rfd8 16. Qc2 Be5 17. h3 a6 18. Bc4 axb5 19. Rxa8 Bxa8 20. Bxb5 Ne6 21.
Rd1 Rxd1+ 22. Qxd1 Bxc3 23. Nxc3 Qxc3 24. Qc1 Qxc1+ 25. Bxc1 Nd4 26. Bc4 Bc6
27. Kf2 Bb5 28. Bb2 Bxc4 29. Bxd4 f6 30. f4 Kf7 1/2-1/2

[Event "63rd Bulgarian Team Championship"]
[Site "Sunny Beach"]
[Date "2013.09.24"]
[Round "6"]
[Board "4"]
[White "Ivanov, Jordan"]
[Black "Simeonov, Stefan"]
[Result "1/2-1/2"]
[WhiteElo "2385"]
[BlackElo "2387"]
[PlyCount "65"]
[EventDate "2013.09.19"]
[EventType "team"]
[EventRounds "7"]
[EventCountry "BUL"]
[WhiteTeam "''Lokomotiv'', Sofia"]
[BlackTeam "''Nayden Voynov'', Vidin"]

1. d4 Nf6 2. c4 c5 3. d5 e6 4. Nc3 exd5 5. cxd5 d6 6. e4 g6 7. Bd3 Bg7 8. h3
O-O 9. Nf3 b5 10. Bxb5 Nxe4 11. Nxe4 Qa5+ 12. Nfd2 Qxb5 13. Nxd6 Qa6 14. N2c4
Nd7 15. O-O Ne5 16. Nxc8 Raxc8 17. Nxe5 Bxe5 18. Re1 Rfe8 19. Bg5 Qd6 20. Qa4
Qxd5 21. Rad1 Qc6 22. Qxc6 Rxc6 23. Rd7 Rce6 24. Kf1 Bxb2 25. Rxe6 Rxe6 26.
Rxa7 Bd4 27. a4 c4 28. Rc7 c3 29. a5 f6 30. Bh6 f5 31. Rc8+ Kf7 32. Rc7+ Kg8
33. Rc8+ 1/2-1/2